Diagnosis estratègiques territorials : document d'estratègies pel territori del Moianès document d'estratègies pel territori del Moianès
Descripción Física:
208 p. : quadres, gràfics ; 30 cm
Otros Autores:
Consorci per la Promoció dels Municipis del Moianès
MARC
| LEADER | 00000nam a2200000Ia 4500 | ||
|---|---|---|---|
| 001 | 24073 | ||
| 008 | 160829s2004 xx 000 0 cat d | ||
| 080 | |a Bib-146 | ||
| 245 | |a Diagnosis estratègiques territorials : |b document d'estratègies pel territori del Moianès | ||
| 260 | |a Barcelona : |b Diputació de Barcelona. Àrea de Promoció Econòmica i Ocupació, |c 2004 | ||
| 300 | |a 208 p. : |b quadres, gràfics ; |c 30 cm | ||
| 590 | |a Títol a l'interior : Diagnosi estratègica territorial del Moianès, maig 2004 | ||
| 650 | 0 | |a Política d'ocupació |9 7017 | |
| 650 | |a Administració local |x Moianès |9 49631 | ||
| 700 | |a Consorci per la Promoció dels Municipis del Moianès |9 40779 | ||
| 710 | 1 | |a Barcelona (Catalunya : Província). |b Àrea de Promoció Econòmica i Ocupació |9 17540 | |
| 901 | |a Arxiu | ||
| 942 | |n 1 | ||
| 952 | |0 0 |1 0 |4 0 |6 BIB146 |7 1 |9 55495 |a Arxiu |b Arxiu |d 2016-12-01 |l 0 |o Bib-146 |p 24073 |r 2016-12-01 00:00:00 |w 2016-12-01 |y ARXIU | ||
| 999 | |c 59368 |d 59368 | ||